Top 10 German Football Transfer Records - Statistics

General Stats
  • This quiz has been taken 283 times
    116 since last reset
  • The average score is 9 of 10
Answer Stats
Rank Name Joined Left Season Fee % Correct
1 Florian Wirtz Liverpool FC Bayer 04 Leverkusen 25/26 €125.00m
96%
2 Kai Havertz Chelsea FC Bayer 04 Leverkusen 20/21 €80.00m
94%
3 Kai Havertz Arsenal FC Chelsea FC 23/24 €75.00m
94%
7 Mesut Özil Arsenal FC Real Madrid 13/14 €47.00m
94%
5 Leroy Sané Manchester City FC Schalke 04 16/17 €52.00m
89%
6 Leroy Sané Bayern Munich Manchester City 20/21 €49.00m
89%
4 Timo Werner Chelsea FC RB Leipzig 20/21 €53.00m
86%
8 Julian Draxler VfL Wolfsburg FC Schalke 04 15/16 €43.00m
81%
9 Shkodran Mustafi Arsenal FC Valencia CF 16/17 €41.00m
70%
10 Thilo Kehrer Paris Saint-Germain FC Schalke 04 18/19 €37.00m
59%
No matching quizzes found
Score Distribution
Percent of People with Each Score
Percentile by Number Answered
Your Score History
You have not taken this quiz since the last reset